Don't exaggerate (Record no. 80871)

MARC details
000 -LEADER
fixed length control field 01139cab a22002175a 4500
001 - CONTROL NUMBER
control field L145557
008 - FIXED-LENGTH DATA ELEMENTS--GENERAL INFORMATION
fixed length control field 081021e20080905xxk f v 000 0 eng d
035 ## - SYSTEM CONTROL NUMBER
System control number (Sirsi) u145557
041 0# - LANGUAGE CODE
Language code of text/sound track or separate title eng
100 1# - MAIN ENTRY--PERSONAL NAME
Personal name Ross, Jonathan
245 00 - TITLE STATEMENT
Title Don't exaggerate
260 ## - PUBLICATION, DISTRIBUTION, ETC.
Date of publication, distribution, etc. 2008
490 #0 - SERIES STATEMENT
Series statement Property Week
Volume/sequential designation 73(36) 5 September 2008, 72(1)
520 ## - SUMMARY, ETC.
Summary, etc. The case shows that the courts will penalise claimants who make exaggerated claims. Summarises the case of Business Environment Bow Lane Ltd v Deanwater Estates Ltd [2008] EWCH 2003 (TCC), 31 July 2008 (see L145543). A landlord who recovered a small part of the damages claimed for dilapidations at the end of a lease had to pay the costs of the proceedings on an indemnity basis. The court found the claim made bore no relation to the true position and that the landlord had wrongly or recklessly pursued an unsustainable claim.
590 ## - LOCAL NOTE (RLIN)
Local note KA
650 24 - SUBJECT ADDED ENTRY--TOPICAL TERM
Topical term or geographic name entry element BUSINESS ENVIRONMENT BOW V DEANWATER ESTATES
650 24 - SUBJECT ADDED ENTRY--TOPICAL TERM
Topical term or geographic name entry element LAW OF PROPERTY (MISCELLANEOUS PROVISIONS) ACT 1989
651 #4 - SUBJECT ADDED ENTRY--GEOGRAPHIC NAME
Geographic name England and Wales
Chronological subdivision 1543-
690 ## - LOCAL SUBJECT ADDED ENTRY--TOPICAL TERM (OCLC, RLIN)
Topical term or geographic name as entry element PROPERTY-LANDLORD AND TENANT-DILAPIDATIONS
942 ## - ADDED ENTRY ELEMENTS (KOHA)
Suppress in OPAC 0
Holdings
Withdrawn status Lost status Source of classification or shelving scheme Damaged status Not for loan Home library Current library Shelving location Date acquired Total Checkouts Full call number Barcode Date last seen Copy number Price effective from Koha item type
    Dewey Decimal Classification     London London Journal article 21/10/2008   L145557 145557-1001 06/08/2019 1 06/08/2019 Journal article